Country Flags #2 - Statistics

General Stats
  • This quiz has been taken 63 times
  • The average score is 14 of 16
Answer Stats
Picture Answer % Correct
Belgium
100%
Brazil
100%
Canada
100%
Bhutan
97%
Bosnia and Herzegovina
95%
Bulgaria
93%
Cambodia
93%
Cameroon
92%
Brunei
90%
Belize
86%
Benin
86%
Bolivia
86%
Botswana
85%
Burkina Faso
81%
Cape Verde
81%
Burundi
80%
No matching quizzes found
Score Distribution
Percent of People with Each Score
Percentile by Number Answered
Your Score History
You have not taken this quiz